1864 1670 1225 1145 1696 1088 1710 1702 1480 1288 1217 1082 1369 1795 1628 1627 1204 1189 1529 1888 1188 1830 1456 1257 1697 1625 1089 1107 1404 1192 1390 1522 1115 1024 1046 1869 1888 1133 1230 1279 1936 1842 1610 1483 1851 1045 1495 1835 1280 1254 1772 1561 1823 1002 1084 1981 1185 1043 1771 1810 1202 1862 1424 1307 1556 1030 1686 1987 1285 1561 1271 1388 1363 1251 1958 1755 1917 1858 1312 1044 1727 1195 1665 1921 1171 1319 1022 1900 1138 1520 1212 1257 1890 1469 1279 1070 1587 1418 1448 BCNSPRNW ULIB Ver.6.0+V

เปลี่ยนเป็นภาษาไทย

Change to English
 แสดงรายละเอียดบรรณานุกรม
  กลับหน้าหลัก

Brief Record : Get Marc (ISO 2709) : E-mail record : QR code < ปิดหน้าต่าง
LEADER : 00000nam 2200000uu 4500
001    13399108310
003     ULIB
008    110228s2552||||th 000 0 tha d
020    9789745925731
060 04 WY152^bว343ก 2552
100 0  วลัยพร นันท์ศุภวัฒน์
245 10 การพยาบาลผู้สูงอายุ :^bความท้าทายกับภาวะประชากรสูงอายุ /^cวลัยพร นันท์ศุภวัฒน์
250    พิมพ์ครั้งที่ 2
260    มหาสารคาม :^bโครงการตำราทางการพยาบาล คณะพยาบาลศาสตร์มหาวิทยาลัยมหาสารคาม,^c2552
300    [14], 335 หน้า :^bภาพประกอบ ;^c26 ซม.
650  7 การพยาบาลผู้สูงอายุ
650  7 ผู้สูงอายุ^xการดูแล
650  7 วัยชรา^xการพยาบาล
650  7 เวชศาสตร์ผู้สูงอายุ
710 2  มหาวิทยาลัยมหาสารคาม. ^bคณะพยาบาลศาสตร์
945    ^p250^l0^i025456
945    ^p250^l0^i025457
945    ^p250^l0^i025458
945    ^p250^l0^i025459
945    ^p250^l0^i025460
945    ^p250^l0^i025461
945    ^p250^l0^i025889
945    ^p250^l0^i025890
945    ^p250^l0^i026203
945    ^p250^l0^i026204
945    ^p250^l0^i026205
995    ทศพร
999 ^a ใช้งานได้ทุกระบบ
รายการนี้ยังไม่มีแท็ก
คุณยังไม่ได้ล็อกอิน คุณสามารถมีกิจกรรมร่วมกับเว็บไซต์ได้ แต่ต้องล็อกอินก่อน ::
  ล็อกอิน

รายการสื่อสารสนเทศ

ลำดับที่ ประเภท เลขเรียก/บาร์โค้ด สถานที่ สถานะ
- ไม่พบข้อมูล -

รายการใกล้เคียง
    ผู้แต่ง [วลัยพร นันท์ศุภวัฒน์]

    หัวเรื่อง [การพยาบาลผู้สูงอายุ]
    หัวเรื่อง [ผู้สูงอายุ การดูแล]
    หัวเรื่อง [เวชศาสตร์ผู้สูงอายุ]

BibComment


ยังไม่เคยถูกคอมเมนท์

คอมเมนท์ทรัพยากรรายการนี้
  คอมเมนท์: การพยาบาลผู้สูงอา..


 Copyright 2026. Bcnsprnw @Library